| 000 | 00451nam a2200157 4500 | ||
|---|---|---|---|
| 001 | 117924 | ||
| 003 | ES-MaACL | ||
| 005 | 20230906191009.0 | ||
| 007 | t| | ||
| 008 | 070214s1916 fr r ||||1| fre d | ||
| 100 | 1 |
_aPéladan, Joséphin. _990015 |
|
| 245 | 1 | 2 |
_aL'Allemagne devant l'humanité et le devoir des civilises / _cJoséphin Peladan. |
| 260 |
_aParis : _bE. de Boccard, _c1916. |
||
| 300 |
_a324 p. ; _c19 cm. |
||
| 852 |
_aES-MaACL _jF-2523 |
||
| 999 |
_c117924 _d117924 |
||